| 000 | 00496nam a2200181Ia 4500 | ||
|---|---|---|---|
| 003 | GCL | ||
| 008 | 140319s9999 xx 000 0 eng d | ||
| 040 |
_aGCL / _cGCL |
||
| 082 | 0 | 4 |
_a658.403 _bH P |
| 100 | 1 | _aHARGITAY,STEPHEN E | |
| 245 | 1 | 0 |
_aPROPERTY INVESTMENT DECISIONS:A QUANTITATVE APPROOACH / _cHARGITAY,STEPHEN E |
| 700 | 1 | _aYU, SHI-MING | |
| 260 |
_a[S.N] : _bE & FN SPON ، _c1993 |
||
| 300 | _a335 P | ||
| 650 | 0 | 4 | _aDECISION - MAKING |
| 650 | 0 | 4 | _aINVESTMENTS |
| 942 |
_2ddc _cBK |
||
| 999 |
_c15848 _d15848 |
||